000 00382nam a2200169Ia 4500
001 580
003 IN-NITTTR
005 20251114232859.0
008 251113s9999||||xx |||||||||||||| ||eng||
040 _beng
040 _cIN-NITTTR
041 _aeng
082 _a030 F829C
100 _aFowler, H. W.
245 4 _aThe concise oxford dictionary. /
_cFowler, H. W.
942 _2ddc
_cBK
999 _c145
_d145